| Tag |
First Indicator |
Second Indicator |
Subfields |
| LEADER |
00000cam a2200000 4500 |
| 001 |
in00000070610 |
| 005 |
20151008061829.0 |
| 008 |
731008s1953 nyu 00000 eng |
| 010 |
|
|
|a 52010674
|
| 035 |
|
|
|a (OCoLC)00713061
|
| 035 |
|
|
|9 AAJ8921AM
|
| 040 |
|
|
|a DLC
|c AKR
|d SER
|d m.c.
|d TXA
|d UtOrBLW
|
| 049 |
|
|
|a TXAM
|c 1 [218157], 2 [1501407]
|
| 050 |
0 |
0 |
|a B72
|b T8
|
| 082 |
0 |
|
|a 109
|
| 100 |
1 |
|
|a Tsanoff, Radoslav Andrea,
|d 1887-
|
| 245 |
1 |
4 |
|a The great philosophers.
|
| 250 |
|
|
|a [1st ed.].
|
| 264 |
|
1 |
|a New York :
|b Harper,
|c [1953]
|
| 300 |
|
|
|a 653 pages ;
|c 25 cm.
|
| 336 |
|
|
|a text
|b txt
|2 rdacontent
|
| 337 |
|
|
|a unmediated
|b n
|2 rdamedia
|
| 338 |
|
|
|a volume
|b nc
|2 rdacarrier
|
| 650 |
|
0 |
|a Philosophy
|x History.
|
| 650 |
|
0 |
|a Philosophers.
|
| 999 |
|
|
|a MARS
|
| 999 |
f |
f |
|s da5a0900-bfe6-337e-b85a-1853f76c5c80
|i da6be82b-c68a-344c-8004-884b4812fc6a
|t 0
|
| 952 |
f |
f |
|p ric
|a Texas A&M University
|b Rellis Campus
|c Joint Library Facility
|d Remote Storage
|t 0
|e B72 .T8
|h Library of Congress classification
|i unmediated -- volume
|m A14801586739
|
| 998 |
f |
f |
|a B72 .T8
|t 0
|l Remote Storage
|